• 首页
  • 本馆介绍
  • 公告通知
  • 最新文献
  • 馆藏检索
  • 电子资源
  • 读者导购
  • 参考咨询
  • 我的图书馆
  • 登录
  • 详细信息显示
  • 放入我的书架
  • 预约/预借图书
  • 作者相关作品
  • 分类相关作品
  • 丛书相关作品
  • 出版社相关作品

书目信息

  • 表格格式
  • 工作单格式
  • 卡片格式
题名:
奔腾系列轿车故障诊断与检修
    
 
作者: 胡永生 , 寇扬 主编
分册:  
出版信息: 北京   金盾出版社  2016.8
页数: 174页
开本: 26cm
丛书名:
单 册:
中图分类: U469.110.7
科图分类:
主题词: 轿车--故障诊断 , 轿车--检修
电子资源:
ISBN: 978-7-5186-0925-3
000 00984nam0 2200253 450
001 0400002161
005 20171020124824.0
010    @a978-7-5186-0925-3@dCNY38.00
100    @a20161101e2016 em y0chiy50 ea
101 0  @achi
102    @aCN@b110000
105    @aa z 000yy
106    @ar
200 1  @a奔腾系列轿车故障诊断与检修@9ben teng xi lie jiao che gu zhang zhen duan yu jian xiu@f胡永生,寇扬主编
210    @a北京@c金盾出版社@d2016.8
215    @a174页@c图@d26cm
330    @a本书以奔腾系列轿车为例,从基础知识、发动机、底盘、电气、附属装置、常见故障综述六个方面,以故障现象、原因分析、排除方法三个步骤,联系实际介绍该车系使用中故障诊断与检修的实例,使读者能从本书中有针对性地找到本车系常见故障的排除方法,并能举一反三,触类旁通。
606 0  @a轿车@x故障诊断
606 0  @a轿车@x检修
690    @aU469.110.7@v5
701  0 @a胡永生@9hu yong sheng@4主编
701  0 @a寇扬@9kou yang@4主编
801  0 @aCN@b91MARC@c20171020
905    @b1026441-5@dU469.110.7@f5@e491
    
    奔腾系列轿车故障诊断与检修/胡永生,寇扬主编.-北京:金盾出版社,2016.8
    174页:图;26cm
    
    
    ISBN 978-7-5186-0925-3:CNY38.00
    本书以奔腾系列轿车为例,从基础知识、发动机、底盘、电气、附属装置、常见故障综述六个方面,以故障现象、原因分析、排除方法三个步骤,联系实际介绍该车系使用中故障诊断与检修的实例,使读者能从本书中有针对性地找到本车系常见故障的排除方法,并能举一反三,触类旁通。
●
相关链接 在E读中查询图书 在五车中查询图书 在当当中查询图书 在豆瓣中查询图书


正题名:奔腾系列轿车故障诊断与检修     索取号:U469.110.7/491         预约/预借

序号 登录号 条形码 馆藏地/架位号 状态 备注
1 1026441   210264417   第二样本阅览室/ [索取号:U469.110.7/491] 在馆    
2 1026442   210264426   密集书库-物理学院/ [索取号:U469.110.7/491] 在馆    
3 1026443   210264435   第三借阅区/ [索取号:U469.110.7/491] 在馆    
4 1026444   210264444   第三借阅区/ [索取号:U469.110.7/491] 在馆    
5 1026445   210264453   第三借阅区/ [索取号:U469.110.7/491] 在馆    
唐山师范学院图书馆 欢迎您!
大连网信软件有限公司© 版权所有